| 000 | 00613nam a22001697a 4500 | ||
|---|---|---|---|
| 999 |
_c12456 _d12456 |
||
| 008 | 190125b ||||| |||| 00| 0 eng d | ||
| 082 |
_22018 _aUT 1164 _bG39 |
||
| 100 |
_aGetalla, Delza Mae F. _935112 |
||
| 245 |
_aListening effectiveness and unproductive students behavior / _cDelza Mae F. Getalla, Jairus Lutang, and Jaydee R. Mesa |
||
| 260 |
_aDigos City: _bUMDC _cOctober 2018. |
||
| 300 |
_a76 pages; _c30 cm. |
||
| 650 |
_aEducation _vBeed _xUndergraduate thesis. _934786 |
||
| 700 |
_aGetalla, Delza Mae F. _935112 |
||
| 700 |
_aLutang, Jairus _935113 |
||
| 700 |
_aMesa, Jaydee R. _935114 |
||
| 942 |
_2ddc _cUT |
||